| 000 | 01085naa a2200277 c 4500 | ||
|---|---|---|---|
| 001 | 28361 | ||
| 003 | ES-MaCES | ||
| 005 | 19981124135500.0 | ||
| 008 | 960109n1995 sp ||| | spa d | ||
| 035 | _aCES19980022981v | ||
| 040 |
_aES-MaCES _bspa _cES-MaCES |
||
| 100 | 1 |
_aBarrio Calle, María Asunción _97180 |
|
| 245 | 1 | 0 |
_aImpugnación de la resolución administrativa que deniegue el registro de las actas relativas a elecciones de delegados de personal y miembros de comités de empresa _cMª Asunción Barrio Calle |
| 650 | 4 |
_aEspaña _926964 |
|
| 650 | 4 |
_aderecho del trabajo _927165 |
|
| 650 | 4 |
_atribunal del trabajo _927164 |
|
| 650 | 4 |
_aprocedimiento judicial _929889 |
|
| 650 | 4 |
_aapelación _929858 |
|
| 650 | 4 |
_asistema electoral _927195 |
|
| 650 | 4 |
_arepresentante de los trabajadores _928374 |
|
| 653 | 1 | 0 | _aRelaciones laborales-Empleo |
| 773 | 0 |
_tActualidad laboral _gAlcobendas, Madrid. - 1995, n. 41 (6-12 nov.) ; p. 703-720 _w(ES-MaCES)25022 |
|
| 902 | _aART Artículo de revista | ||
| 942 |
_2CES _cAR _h2.0. |
||
| 999 |
_c28361 _d28361 |
||